| 000 | 00959nam a2200241 a 4500 | ||
|---|---|---|---|
| 001 | BRCA_3824 | ||
| 005 | 20190320204434.0 | ||
| 008 | 931006s1990 mx-ab####b---#000-0#spa-# | ||
| 020 | _a9688055727 | ||
| 041 | _aspa | ||
| 044 | _amx | ||
| 050 | 4 |
_aF1203 _b.A73 1990 |
|
| 245 | 1 | 0 |
_aArchivo General de la Nación _bMéxico : guía general _ccoordinación general Juan Manuel Herrera Huerta, Victoria San Vicente Tello. |
| 260 |
_aMéxico _bAGN _c1990 |
||
| 300 |
_a525 p. _bil., mapas _c31 cm. _e1 hoja plegable : Gráfica de la evolución de las dependencias centralizadas de la Administración Pública Federal a partir de 1821 |
||
| 500 | _aIncluye índices de grupos documentales | ||
| 504 | _aBibliografía: p. 513-515 | ||
| 610 | 2 | 4 |
_aArchivo General de la Nación (Ciudad de México) _vGuías _99957 |
| 651 | 4 |
_aMéxico _xHistoria _9614 |
|
| 700 | 1 |
_aHerrera Huerta, Juan Manuel _99958 |
|
| 700 | 1 |
_aVicente Tello, Victoria San _99959 |
|
| 942 |
_2lcc _cB |
||
| 999 |
_c3553 _d3553 |
||